Quiz o Tłuszczu - Statystyki

Ogólne statystyki
  • Ten quiz został rozwiązany 6 razy
  • Średni wynik to 6 z 14
Statystyki odpowiedzi
Wskazówka Odpowiedź % Poprawnych
Województwo, w którym leży Tłuszcz mazowieckie
100%
Jaka rzeka dopływa przez Tłuszcz? Cienka
83%
Powiat, w którym leży Tłuszcz wołomiński
83%
Tablica rejestracyjna Tłuszcza WWL
83%
Klub piłkarski tego miasta {Bóbr} Tłuszcz
67%
Populacja Tłuszczu (w przybliżeniu) 8,000
50%
Województwo, w którym leżał Tłuszcz w latach 1975-1998 ostrołęckie
50%
Burmistrz Tłuszcza Beata Skulimowska
33%
Na jakiej ziemi leżał Tłuszcz? ziemia {nurska}
33%
Rok, w którym Tłuszcz otrzymał prawa miejskie 1967
17%
Strefa numeracyjna Tłuszcza +48 {29}
17%
Rok, w którym Tłuszcz został założony 1447
0%
Do jakiej parafii należał Tłuszcz? Postoliska
0%
Na jakim prawie został założony Tłuszcz? prawo {chełmińskie}
0%
Nie znaleziono quizów pasujących do podanych kryteriów
Rozkład punktacji
Procent ludzi z każdym wynikiem
Percentyl według liczby udzielonych odpowiedzi
Twoja historia wyników
Nie rozwiązałeś tego quizu